[Event "Challenge"]
[Site "http://www.queenalice.com/game.php?id=463891"]
[Date "2008.9.16"]
[Round "-"]
[White "ivanelterrible_2006"]
[Black "the_knife"]
[Result "0-1"]
[WhiteElo "1496"]
[BlackElo "2175"]

1. e4 e5 2. Nf3 Nc6 3. d4 exd4 4. Nxd4 Nf6 5. Nxc6 bxc6 6. Bd3 d5 7. e5 Ng4 8.
Bf4 Bc5 9. O-O f6 10. exf6 O-O 11. Bg5 Qd6 12. g3 Bd7 13. Be2 Nxf6 14. Nc3 Bh3
15. Re1 Bxf2+ 16. Kxf2 Qc5+ 17. Be3 Ng4+ 0-1

[Event "Challenge"]
[Site "http://www.queenalice.com/game.php?id=464897"]
[Date "2008.9.17"]
[Round "-"]
[White "ivanelterrible_2006"]
[Black "betoanjos"]
[Result "1/2-1/2"]
[WhiteElo "1683"]
[BlackElo "1925"]

1. e4 e6 2. d4 d5 3. e5 c5 4. Bb5+ Bd7 5. Bxd7+ Nxd7 6. Nf3 cxd4 7. O-O Qc7 8.
Bf4 Bc5 9. Nbd2 Ne7 10. Nb3 Bb6 11. Nbxd4 Ng6 12. Nb5 Qc6 13. Nd6+ Ke7 14. Nd4
Bxd4 15. Qxd4 Nxf4 16. Qxf4 Rhf8 17. Qb4 b6 18. Nf5+ Kd8 19. Qe7+ Kc7 20. Nxg7
Qc5 21. Qxc5+ bxc5 22. f4 Rg8 23. Nh5 Rg6 24. Ng3 Rb8 25. b3 Nb6 26. f5 Rg7 27.
fxe6 fxe6 28. Rf6 Re8 29. Raf1 Rd7 30. Nh5 Rde7 31. Rh6 Nd7 32. Nf6 Nxf6 33.
exf6 Rf7 34. h4 Kd6 35. g4 e5 36. g5 e4 37. h5 Ke5 38. g6 Rxf6 39. Rxh7 Rxf1+
40. Kxf1 a5 41. Rf7 Rg8 42. Ke2 d4 43. Rf2 e3 44. Rg2 Kf6 45. Kd3 Kg7 46. Kc4
Re8 47. Kd3 Re5 48. Rh2 Kh6 49. Re2 Rxh5 50. c3 Rd5 51. Rg2 Rd7 52. cxd4 cxd4
53. a3 Kg7 54. b4 axb4 55. axb4 Rd6 56. b5 Re6 57. b6 Rxb6 58. Kxd4 Rxg6 59.
Rxg6+ Kxg6 60. Kxe3 1/2-1/2

[Event "Challenge"]
[Site "http://www.queenalice.com/game.php?id=464899"]
[Date "2008.9.17"]
[Round "-"]
[White "ivanelterrible_2006"]
[Black "igorzz"]
[Result "0-1"]
[WhiteElo "1655"]
[BlackElo "1925"]

1. e4 e5 2. Nf3 Nc6 3. Bb5 Nf6 4. Bxc6 dxc6 5. O-O Bg4 6. d3 Bc5 7. h3 Bh5 8.
Qe2 O-O 9. Be3 Qd6 10. Nbd2 b5 11. Nb3 Bxe3 12. Qxe3 Nd7 13. Nh2 c5 14. g4 Bg6
15. f4 exf4 16. Rxf4 c4 17. Nd4 a6 18. Raf1 c5 19. Nf5 Bxf5 20. Rxf5 cxd3 21.
Rd5 Qe6 22. Qxd3 Rad8 23. Rd1 Ne5 24. Qc3 Rxd5 25. exd5 Qd6 26. Nf3 Nxf3+ 27.
Qxf3 Re8 28. b3 b4 29. Kg2 h6 30. c4 bxc3 31. Rc1 Qe5 32. Rxc3 Qe1 33. Rc2 Qb1
34. Rf2 f6 35. d6 Re1 36. Kg3 Rd1 37. Qa8+ Kh7 38. Qxa6 Rg1+ 39. Rg2 Qe1+ 40.
Kf3 Rf1+ 41. Qxf1 Qxf1+ 42. Rf2 Qd3+ 43. Kg2 Qxd6 44. Kf1 Qg3 0-1

[Event "Challenge"]
[Site "http://www.queenalice.com/game.php?id=464904"]
[Date "2008.9.17"]
[Round "-"]
[White "ivanelterrible_2006"]
[Black "vulture"]
[Result "1-0"]
[WhiteElo "1631"]
[BlackElo "1575"]

1. e4 e5 2. Nf3 Nc6 3. Bb5 Bc5 4. c3 Nf6 5. Bxc6 bxc6 6. d4 exd4 7. cxd4 Bb6 8.
e5 Nd5 9. O-O O-O 10. Qc2 Nb4 11. Qb3 a5 12. Nc3 Ba6 13. Rd1 d5 14. Na4 Ba7 15.
a3 Bc4 16. Qc3 f6 17. axb4 Rb8 18. bxa5 Rb3 19. Qe1 Re8 20. Bf4 fxe5 21. Bxe5
Re6 22. Nc5 Bxc5 23. dxc5 Qb8 24. Qd2 Rxb2 25. Qxb2 Bb5 26. Bxg7 Re2 27. Rd2 Re7
28. Bh6 Re6 29. Qg7# 1-0

[Event "Challenge"]
[Site "http://www.queenalice.com/game.php?id=464905"]
[Date "2008.9.17"]
[Round "-"]
[White "ivanelterrible_2006"]
[Black "Slorche"]
[Result "1-0"]
[WhiteElo "1793"]
[BlackElo "1677"]

1. e4 e5 2. Nf3 d6 3. d4 d5 4. Nxe5 dxe4 5. Bc4 Be6 6. Bxe6 fxe6 7. Qh5+ g6 8.
Nxg6 Qf6 9. Nxh8+ Kd7 10. Qf7+ Qxf7 11. Nxf7 Nc6 12. c3 Nge7 13. Bf4 Bg7 14.
Ne5+ Nxe5 15. Bxe5 Bxe5 16. dxe5 Re8 17. Nd2 Nc6 18. Nxe4 Nxe5 19. O-O-O+ Kc8
20. Rhe1 Rd8 21. Rxd8+ Kxd8 22. Kc2 Ke7 23. Nc5 b6 24. Rxe5 bxc5 25. Rxc5 Kd6
26. Rh5 a6 27. Rxh7 a5 28. a4 c6 29. h4 Kd5 30. Ra7 c5 31. Rxa5 e5 32. f3 Kc4
33. b3+ Kd5 34. c4+ Kd4 35. Kd2 e4 36. fxe4 Kxe4 37. Rxc5 Kd4 38. b4 Ke4 39. a5
Kf4 40. a6 Kg3 41. a7 Kxg2 42. a8=Q+ Kg3 43. Rf5 Kxh4 44. Qg8 Kh3 45. Rh5# 1-0

[Event "Challenge"]
[Site "http://www.queenalice.com/game.php?id=464986"]
[Date "2008.9.18"]
[Round "-"]
[White "ivanelterrible_2006"]
[Black "borisp"]
[Result "1-0"]
[WhiteElo "1522"]
[BlackElo "1873"]

1. e4 e5 2. Nf3 d6 3. d4 exd4 4. Nxd4 d5 5. e5 Bc5 6. Nf3 c6 7. Nbd2 Qe7 8. Be2
f6 9. Nb3 Nd7 10. Nxc5 Nxc5 11. exf6 gxf6 12. O-O Bg4 13. Re1 O-O-O 14. Nd4 Bxe2
15. Rxe2 Qf7 16. Qe1 h5 17. Ne6 Nxe6 18. Rxe6 Kd7 19. Re2 b6 20. Bf4 Nh6 21. Rd1
Nf5 22. h3 Rhe8 23. f3 Nd4 24. Rxd4 Rxe2 25. Qxe2 Re8 26. Qa6 Kd8 27. Kf2 Qe7
28. Qf1 f5 29. Rd3 Qc5+ 30. Be3 Qxc2+ 31. Qe2 Qc4 32. b3 Qh4+ 33. Kg1 Qe7 34.
Qd2 Qg7 35. h4 Qa1+ 36. Kf2 Kd7 37. Bg5 Qe5 38. Re3 Qxe3+ 39. Bxe3 1-0

[Event "Challenge"]
[Site "http://www.queenalice.com/game.php?id=467508"]
[Date "2008.9.24"]
[Round "-"]
[White "Tchecmaurice"]
[Black "ivanelterrible_2006"]
[Result "0-1"]
[WhiteElo "1708"]
[BlackElo "1557"]

1. Nf3 d5 2. d4 Bg4 3. e3 e6 4. c4 Bb4+ 5. Bd2 Bxd2+ 6. Nbxd2 Nf6 7. Bd3 O-O 8.
cxd5 Nxd5 9. a3 Nc6 10. Qc2 g6 11. h3 Bxf3 12. Nxf3 Qf6 13. h4 e5 14. h5 exd4
15. hxg6 fxg6 16. Qc4 Rad8 17. e4 Ne5 18. Nxe5 Qxf2+ 19. Kd1 Qxg2 20. Re1 Rf2
21. Rb1 Qg5 22. Be2 Qxe5 23. exd5 Kg7 24. Rc1 Rd7 25. Bg4 Qf4 26. Be2 Re7 27.
Rc2 Qe3 28. Qd3 Qe5 29. Rd2 Qxd5 30. Qxd4+ Qxd4 31. Rxd4 Rh2 32. Bf3 Rf7 33.
Bxb7 Rxb2 34. Bd5 Rd7 35. Re2 Rxe2 36. Kxe2 c6 37. Ke3 Rxd5 38. Ra4 a5 39. Rc4
Rh5 40. a4 Rh3+ 41. Kd4 Rh4+ 42. Kc5 Rxc4+ 43. Kxc4 h5 0-1

[Event "Revancha?"]
[Site "http://www.queenalice.com/game.php?id=468535"]
[Date "2008.9.26"]
[Round "-"]
[White "borisp"]
[Black "ivanelterrible_2006"]
[Result "0-1"]
[WhiteElo "1696"]
[BlackElo "1637"]

1. e4 e5 2. Nf3 Nc6 3. d4 d6 4. Bb5 Bd7 5. Bxc6 Bxc6 6. d5 Bd7 7. h3 h6 8. Nc3
Nf6 9. O-O c6 10. Qd3 Be7 11. a4 a5 12. b3 cxd5 13. exd5 Qc8 14. Be3 Qc7 15. Nb5
Bxb5 16. Qxb5+ Qd7 17. Qxd7+ Nxd7 18. c4 O-O 19. g3 f5 20. h4 f4 21. gxf4 exf4
22. Bd4 Bf6 23. Bxf6 Rxf6 24. Rfe1 Nc5 25. Rab1 Kf7 26. Nd4 Rg6+ 27. Kh2 Nd3 28.
Re2 Ne5 29. f3 Kf6 30. Rg1 Rxg1 31. Kxg1 Re8 32. Re4 Nxf3+ 33. Nxf3 Rxe4 34. Kf2
Re3 35. Nd2 Rh3 36. Nf3 g5 37. Kg2 g4 38. c5 Rxf3 0-1

[Event "AUTO-BEG-223"]
[Site "http://www.queenalice.com/game.php?id=470064"]
[Date "2008.9.29"]
[Round "2"]
[White "ivanelterrible_2006"]
[Black "hendrixx"]
[Result "1-0"]
[WhiteElo "1804"]
[BlackElo "1737"]

1. e4 c5 2. Nf3 d6 3. Bb5+ Nd7 4. d4 Nf6 5. e5 Nd5 6. O-O e6 7. dxc5 dxc5 8. c3
a6 9. Ba4 b5 10. Bc2 Bb7 11. Nbd2 Be7 12. Ne4 Qc7 13. b3 Nxe5 14. Nxe5 Qxe5 15.
Bd2 O-O 16. f4 Qc7 17. c4 bxc4 18. bxc4 Nb6 19. Qh5 g6 20. Qh6 Nxc4 21. Bc3 e5
22. f5 Na3 23. f6 1-0

[Event "AUTO-BEG-223"]
[Site "http://www.queenalice.com/game.php?id=470065"]
[Date "2008.9.29"]
[Round "2"]
[White "hendrixx"]
[Black "ivanelterrible_2006"]
[Result "0-1"]
[WhiteElo "1724"]
[BlackElo "1817"]

1. e4 e5 2. Nf3 Nc6 3. Bb5 a6 4. Bxc6 bxc6 5. O-O d6 6. h3 Nf6 7. Re1 Bb7 8. d4
exd4 9. Qxd4 c5 10. Qa4+ Nd7 11. Nbd2 Be7 12. e5 O-O 13. b4 cxb4 14. Qxb4 Bxf3
15. Nxf3 dxe5 16. Qg4 f5 17. Qc4+ Kh8 18. Nxe5 Nxe5 19. Rxe5 Bf6 20. Bb2 Bxe5
21. Bxe5 Qd7 22. Bxc7 Rac8 23. Qxa6 Rxc7 0-1

[Event "Challenge"]
[Site "http://www.queenalice.com/game.php?id=478959"]
[Date "2008.10.18"]
[Round "-"]
[White "SRIVERO"]
[Black "ivanelterrible_2006"]
[Result "0-1"]
[WhiteElo "1742"]
[BlackElo "1664"]

1. d4 e6 2. c4 d5 3. Nf3 Nc6 4. e3 Nf6 5. Qa4 Bd7 6. c5 Ne5 7. Qb3 Nxf3+ 8. gxf3
c6 9. Qxb7 Be7 10. Nc3 O-O 11. Qb3 h6 12. Bd3 Nh7 13. Qc2 Ng5 14. Qe2 Qc7 15. f4
Nh7 16. Rg1 f5 17. Bd2 Be8 18. f3 Bh4+ 19. Kd1 Rb8 20. Na4 Kh8 21. Be1 Bxe1 22.
Qxe1 Bh5 23. Qg3 g6 24. b3 Qa5 25. Be2 Qb4 26. Rg2 Qa3 27. Qe1 Rxb3 28. e4 Qxa4
29. exd5 Rb1+ 0-1

[Event "Challenge"]
[Site "http://www.queenalice.com/game.php?id=478970"]
[Date "2008.10.18"]
[Round "-"]
[White "ivanelterrible_2006"]
[Black "bebop1"]
[Result "0-1"]
[WhiteElo "1829"]
[BlackElo "1878"]

1. e4 c6 2. d4 d5 3. e5 c5 4. Bb5+ Bd7 5. Bxd7+ Qxd7 6. Nf3 cxd4 7. Nxd4 e6 8.
O-O Nc6 9. Nxc6 Qxc6 10. Nc3 Bc5 11. Qf3 Ne7 12. Ne2 O-O 13. Qg3 Kh8 14. Nf4 Nf5
15. Qg4 g6 16. Nd3 b6 17. Nxc5 Qxc5 18. Bg5 Qxc2 19. Bf6+ Kg8 20. Qf4 Qc4 21.
Qd2 Qd4 22. Qe2 Rfc8 23. Rad1 Qc4 24. Qxc4 Rxc4 25. Rd2 Rac8 26. g3 Rc2 27. Rfd1
Rxd2 28. Rxd2 Rc4 0-1

[Event "Challenge"]
[Site "http://www.queenalice.com/game.php?id=478971"]
[Date "2008.10.18"]
[Round "-"]
[White "ivanelterrible_2006"]
[Black "flvsnts"]
[Result "1-0"]
[WhiteElo "1691"]
[BlackElo "1836"]

1. e4 e5 2. Nf3 Nc6 3. Bb5 Nge7 4. Bxc6 Nxc6 5. O-O d5 6. exd5 Qxd5 7. Nc3 Qe6
8. Re1 Bd6 9. d4 Qg6 10. Nd5 Bh3 11. g3 Bg4 12. dxe5 Nxe5 13. Nxe5 Bxe5 14.
Rxe5+ Kf8 15. Qd4 f6 16. Qc5+ Kg8 17. Ne7+ Kf7 18. Nxg6 hxg6 19. Re7+ Kg8 20.
Rxc7 Kh7 21. Bd2 Rac8 22. Rxc8 Rxc8 23. Qd4 f5 24. Re1 Rxc2 25. Re7 Rxd2 26.
Qxg7# 1-0

[Event "Challenge"]
[Site "http://www.queenalice.com/game.php?id=478972"]
[Date "2008.10.18"]
[Round "-"]
[White "RONCO"]
[Black "ivanelterrible_2006"]
[Result "1-0"]
[WhiteElo "1933"]
[BlackElo "1785"]

1. e4 d5 2. exd5 Qxd5 3. Nc3 Qd8 4. Nf3 Bg4 5. Be2 Nc6 6. O-O Nf6 7. h3 Bh5 8.
d3 e6 9. Bg5 Be7 10. a3 O-O 11. Nh2 Bxe2 12. Qxe2 Nd5 13. Bxe7 Ncxe7 14. Ne4 Nc6
15. c3 Nf4 16. Qd2 Nxd3 17. f4 f5 18. Ng5 Nc5 19. Qxd8 Rfxd8 20. Rad1 h6 21.
Ngf3 Ne4 22. Rxd8+ Rxd8 23. Ne5 Nxe5 24. fxe5 Rd2 25. Rb1 Nc5 26. Nf3 Re2 27.
Nd4 Rxe5 28. Nb5 a6 29. Nxc7 Kf7 30. Rd1 Ke7 31. b4 Nd7 32. c4 Kd8 33. Na8 Kc8
34. c5 Re3 35. Nb6+ Nxb6 36. cxb6 Rxa3 37. Rd6 Re3 38. Rd4 Re5 39. Rc4+ Kb8 40.
Rc7 Rb5 41. Rxg7 Rxb4 42. Rg8# 1-0

[Event "Challenge"]
[Site "http://www.queenalice.com/game.php?id=478973"]
[Date "2008.10.18"]
[Round "-"]
[White "elrey"]
[Black "ivanelterrible_2006"]
[Result "1-0"]
[WhiteElo "2176"]
[BlackElo "1693"]

1. d4 e6 2. e4 d5 3. Nd2 Nc6 4. Ngf3 dxe4 5. Nxe4 h6 6. Bb5 Bd7 7. O-O a6 8. Bc4
Nf6 9. Qe2 Nxe4 10. Qxe4 Bd6 11. d5 Na5 12. dxe6 Bxe6 13. Bxe6 fxe6 14. Qxe6+
Qe7 15. Qf5 Rf8 16. Qxa5 O-O-O 17. Bd2 Rxf3 18. gxf3 Qh4 19. Qf5+ Kb8 20. h3 Rf8
21. Qg4 Qf6 22. Bc3 Qf7 23. Kg2 g5 24. Qe4 Re8 25. Qd3 Qf4 26. Rh1 h5 27. Rae1
Rg8 28. Qh7 Rf8 29. Qxh5 1-0

[Event "Challenge"]
[Site "http://www.queenalice.com/game.php?id=478975"]
[Date "2008.10.18"]
[Round "-"]
[White "holandes"]
[Black "ivanelterrible_2006"]
[Result "1/2-1/2"]
[WhiteElo "2016"]
[BlackElo "1650"]

1. e4 d5 2. e5 e6 3. a3 Nc6 4. d4 a6 5. Nf3 h6 6. Be3 Bd7 7. c4 dxc4 8. Bxc4 Na5
9. Ba2 Bc6 10. O-O Bd5 11. Qa4+ Nc6 12. Qd1 Bxf3 13. Qxf3 Nxd4 14. Bxd4 Qxd4 15.
Qc3 Bc5 16. Nd2 Qxc3 17. bxc3 Bxa3 18. Rfb1 b6 19. Bc4 b5 20. Rxa3 bxc4 21. Nxc4
Ne7 22. Rb7 Nd5 23. Ne3 Nxe3 24. fxe3 O-O 25. Rxc7 Rfc8 26. Rd7 Rc5 27. Rd6 a5
28. Kf2 Rxe5 29. g4 Rc5 30. h4 g5 31. h5 Ra7 32. Kf3 Rac7 33. Ra6 Rxc3 34. Rxc3
Rxc3 35. Rxa5 Rc6 36. Kg3 Kg7 37. Kf3 Kf6 38. Ra7 e5 39. Kg3 Ke6 40. Kf3 f5 41.
gxf5+ Kxf5 42. e4+ Kf6 43. Rh7 Rc1 44. Rxh6+ Kf7 45. Rg6 Rf1+ 46. Kg4 Rf4+ 47.
Kxg5 Rxe4 48. h6 Rg4+ 49. Kxg4 Kxg6 50. Kf3 Kxh6 51. Ke4 Kg5 52. Kxe5 Kg4
1/2-1/2

[Event "Challenge"]
[Site "http://www.queenalice.com/game.php?id=478977"]
[Date "2008.10.18"]
[Round "-"]
[White "babamas"]
[Black "ivanelterrible_2006"]
[Result "1/2-1/2"]
[WhiteElo "1970"]
[BlackElo "1713"]

1. d4 e6 2. c4 d5 3. cxd5 Qxd5 4. Nc3 Bb4 5. a3 Bxc3+ 6. bxc3 Nf6 7. e3 Ne4 8.
Bd2 Nxd2 9. Qxd2 O-O 10. c4 Qd8 11. Nf3 Nc6 12. Bd3 Qe7 13. O-O e5 14. dxe5 Nxe5
15. Nxe5 Qxe5 16. Qc2 g6 17. Rab1 b6 18. Rb5 Qf6 19. Rfb1 Bb7 20. Be4 Bxe4 21.
Qxe4 Rfd8 22. Rd5 c6 23. Rd4 Rd6 24. Rbd1 Rxd4 25. Qxd4 Qxd4 26. exd4 Re8 27. d5
cxd5 28. cxd5 Rd8 29. Kf1 Kf8 30. Ke2 Ke7 31. Ke3 Kd6 32. Kd4 Rc8 33. Rd2 Rc5
34. Ke4 f5+ 35. Kf4 h6 36. f3 Rxd5 37. Re2 g5+ 38. Kg3 Re5 39. Rd2+ Rd5 40. Re2
1/2-1/2

[Event "Challenge"]
[Site "http://www.queenalice.com/game.php?id=478978"]
[Date "2008.10.18"]
[Round "-"]
[White "CSI"]
[Black "ivanelterrible_2006"]
[Result "1-0"]
[WhiteElo "1896"]
[BlackElo "1775"]

1. e4 d5 2. exd5 Nf6 3. c4 g6 4. Nc3 e6 5. dxe6 Bxe6 6. d4 Bb4 7. d5 Bxc3+ 8.
bxc3 Bd7 9. Nf3 O-O 10. Be2 Na6 11. O-O Ne4 12. Bd2 Nxd2 13. Qxd2 Qf6 14. Rfe1
Nc5 15. Qh6 Ne4 16. Bd3 Nxc3 17. h4 Qg7 18. Qxg7+ Kxg7 19. Re7 Rad8 20. Ne5 Bc8
21. Rxc7 Na4 22. Bc2 Nb6 23. Re1 Kf6 24. Kf1 Rde8 25. f4 Kg7 26. a4 Kg8 27. Nf3
Rxe1+ 28. Nxe1 f5 29. a5 Nd7 30. c5 Nf6 31. d6 Nd5 32. Bb3 Be6 33. Bxd5 Bxd5 34.
Nd3 Bc4 35. Ke2 Re8+ 36. Kd2 Bd5 37. d7 1-0

[Event "Challenge"]
[Site "http://www.queenalice.com/game.php?id=478979"]
[Date "2008.10.18"]
[Round "-"]
[White "ivanelterrible_2006"]
[Black "Stegyre"]
[Result "1-0"]
[WhiteElo "1723"]
[BlackElo "1922"]

1. e4 c5 2. Nf3 Nc6 3. d4 cxd4 4. Nxd4 e5 5. Nxc6 bxc6 6. Bc4 Nf6 7. Bg5 Qa5+ 8.
Bd2 Qc5 9. Qe2 d6 10. O-O Be7 11. Be3 Qa5 12. Nc3 O-O 13. a3 d5 14. exd5 cxd5
15. b4 Qd8 16. Rad1 Bb7 17. Bg5 Qb6 18. Bxd5 Nxd5 19. Nxd5 Bxd5 20. Bxe7 Qc6 21.
Rxd5 Qxd5 22. Bxf8 Rxf8 23. Re1 f6 24. c4 Qd4 25. c5 Qc3 26. Qe3 Qxe3 27. Rxe3
Rd8 28. g3 Rd1+ 29. Kg2 Rc1 30. Rd3 Kf8 31. Rd7 e4 32. Rxa7 Rc2 33. Kf1 h5 34.
h4 g6 35. a4 g5 36. hxg5 fxg5 37. a5 Kg8 38. a6 h4 39. Ra8+ Kg7 40. Rb8 h3 41.
Kg1 g4 42. a7 h2+ 43. Kxh2 Rxf2+ 44. Kg1 Ra2 45. a8=Q Rxa8 46. Rxa8 Kf6 47. Kf2
Ke5 48. Rd8 Ke6 49. c6 1-0

[Event "Challenge"]
[Site "http://www.queenalice.com/game.php?id=484847"]
[Date "2008.10.29"]
[Round "-"]
[White "flvsnts"]
[Black "ivanelterrible_2006"]
[Result "0-1"]
[WhiteElo "1813"]
[BlackElo "1775"]

1. d4 e6 2. Nf3 d5 3. Bg5 Be7 4. Qd2 Nc6 5. Nc3 h6 6. Bxe7 Ngxe7 7. e4 dxe4 8.
Nxe4 O-O 9. Nc5 Nf5 10. c3 b6 11. Na6 Nb8 12. Nxb8 Rxb8 13. Ne5 Bb7 14. O-O-O
Qd5 15. Bc4 Qd8 16. f3 a6 17. Bd3 Ne7 18. Be4 Bd5 19. Bxd5 Qxd5 20. c4 Qd8 21.
g4 f6 22. Nd3 Qxd4 23. Qc2 Qe3+ 24. Kb1 Qxf3 25. Rhg1 Rbd8 26. Rg3 Qc6 27. h4
Rd4 28. b3 Rfd8 29. g5 Nf5 30. Rh3 Rxh4 31. Nf2 Rxd1+ 32. Qxd1 Rxh3 33. Nxh3
Qe4+ 34. Kb2 Qg2+ 35. Ka3 Qxh3 36. Qd8+ Kh7 37. gxf6 gxf6 38. Qxc7+ Kg6 39. Qxb6
Qe3 40. c5 Nd4 41. Ka4 Qd3 42. Qd6 Qb5+ 43. Ka3 Qa5+ 44. Kb2 Qd2+ 45. Kb1 Qc2+
46. Ka1 Qc1# 0-1

[Event "Challenge"]
[Site "http://www.queenalice.com/game.php?id=484848"]
[Date "2008.10.29"]
[Round "-"]
[White "ivanelterrible_2006"]
[Black "flvsnts"]
[Result "1-0"]
[WhiteElo "1767"]
[BlackElo "1814"]

1. e4 e5 2. Nf3 Nc6 3. Bb5 a6 4. Bxc6 bxc6 5. O-O d5 6. Nxe5 dxe4 7. Re1 Qd5 8.
d4 c5 9. Nc3 Qe6 10. Rxe4 Nf6 11. Re2 Qf5 12. Ng6+ Be6 13. Nxh8 cxd4 14. Qxd4
Bc5 15. Qa4+ Kf8 16. Qc6 Re8 17. Na4 Bd7 18. Rxe8+ Kxe8 19. Qxc5 Qe4 20. Bd2
Qxa4 21. Re1+ Be6 22. Qxc7 Qb5 23. Qxf7+ Kd8 24. Qxe6 Kc7 25. Bf4+ Kb7 26. Nf7
Ka8 27. Qc8+ Ka7 28. Be3+ Qb6 29. Qc7+ 1-0